000
00473nam a2200169Ia 4500
008
151018s9999 xx 000 0 und d
082
_b
RBASDV57425
_a
891.463
100
_a
रत्नाकर मतकरी
245
_a
अँडम
260
_b
क्ष
_c
2011
300
_a
12
600
_a
रत्नाकर मतकरी
630
_a
अँडम
700
_a
रत्नाकर मतकरी
730
_a
अँडम
942
_c
BOOK
999
_c
1052802
_d
1052799